Gestión de programas sociales en América Latina /
Este documento está integrado por tres capítulos. El primero de ellos, presenta una contextualización del tema y los objetivos y características de la investigación. En el segundo se discute la visión de la gestión de programas sociales definiéndose las variables y dimensiones principales del "...
Salvato in:
| Ente Autore: | |
|---|---|
| Natura: | testo |
| Serie: | SERIE POLITICAS SOCIALES/CEPAL
|
| Soggetti: | |
| Tags: |
Aggiungi Tag
Nessun Tag, puoi essere il primo ad aggiungerne!!
|
MARC
| LEADER | 00000 a a2200000 04500 | ||
|---|---|---|---|
| 001 | 48335 | ||
| 003 | |||
| 040 | |||
| 090 | |a REV1291 1(25) 1998 | ||
| 110 | |a NACIONES UNIDAS CEPAL | ||
| 245 | |a Gestión de programas sociales en América Latina / |c NACIONES UNIDAS CEPAL | ||
| 440 | |a SERIE POLITICAS SOCIALES/CEPAL | ||
| 520 | |a Este documento está integrado por tres capítulos. El primero de ellos, presenta una contextualización del tema y los objetivos y características de la investigación. En el segundo se discute la visión de la gestión de programas sociales definiéndose las variables y dimensiones principales del "modelo innovador". El tercer capítulo trata del modelo utilizado para la descripción y análisis de la gestión de programas. Finalmente, el anexo contiene una tipología de modelos de organización de programas sociales, de acuerdo al grado de estandarización de los productos entregados y la heterogeneidad de la población objetivo. La metodología de análisis se presenta en el volúmen II de este número. | ||
| 650 | |a PROYECTOS DE DESARROLLO | ||
| 650 | |a REFORMA ADMINISTRATIVA | ||
| 650 | |a MODERNIZACION | ||
| 650 | |a EVALUACION | ||
| 650 | |a MODELOS | ||
| 650 | |a CULTURA | ||
| 650 | |a MOVIMIENTOS SOCIALES | ||
| 773 | |g volumen1, número25, (1998) | ||
| 999 | |c 36425 |d 36425 | ||
